|
|
|
|
| LEADER |
00000nab a2200000 a 4500 |
| 001 |
vtls000836131 |
| 003 |
SK-MaSNL |
| 005 |
20260302162619.0 |
| 008 |
160321c2003 xo 0 slo |
| 015 |
|
|
|a SNBRB2003/06-15950
|
| 035 |
|
|
|a CLN000187786
|
| 040 |
|
|
|a SNKBUCL
|b slo
|c SNKBUCL
|e AACR2
|
| 041 |
0 |
|
|a slo
|
| 044 |
|
|
|a xo
|c SK
|
| 080 |
|
|
|a 78.071.2:784.66
|2 UDC-MRF-SK2
|
| 080 |
|
|
|a 784.66
|2 UDC-MRF-SK2
|
| 080 |
|
|
|a 929 Elliott, Missy
|2 UDC-MRF-SK2
|
| 100 |
0 |
|
|a (vach)
|4 aut
|9 844496
|
| 245 |
1 |
0 |
|a Feministicky ladená Missy Elliott
|c [autor] (vach)
|
| 300 |
|
|
|b Fotogr.
|
| 600 |
1 |
7 |
|a Elliott, Missy
|2 snkbucl
|9 858097
|
| 655 |
|
7 |
|a články z novín a časopisov
|2 snkbucl
|9 267496
|
| 773 |
0 |
|
|x 1335-2776
|t Markíza
|g Roč. 6, č. 10 (2003), s. 50
|
| 850 |
|
|
|a Slovenská národná knižnica v Martine
|
| 852 |
|
|
|a SNK
|b KIS3GCP
|
| 958 |
|
|
|a BC
|
| 958 |
|
|
|a US
|
| 958 |
|
|
|a RBX
|
| 999 |
|
|
|c 1380721
|d 1382651
|